000
00301nam a22001217a 4500
003
OSt
008
250207b |||||||| |||| 00| 0 eng d
041
_a
eng
082
_a
628.01
100
_a
Garg, SanthoshKumar
_9
7097
245
_a
Environmental Engieering Vol.1
_b
Water Supply Engineering
942
_c
BK
999
_c
19328
_d
19328